Rubriques de la classification mathématique par matière (MSC) - Statistiques

Statistiques générales
  • Ce quiz a été pris 18 fois
  • Le résultat moyen est 16 sur 63
Statistiques - réponses
Numéro Rubrique % Correct
51 Géométrie
100%
15 Algèbre linéaire et multilinéaire ; théorie des matrices
64%
62 Statistiques
55%
60 Théorie de la probabilité et processus stochastiques
55%
28 Mesure et intégration
45%
40 Suites, séries, sommabilité
45%
46 Analyse fonctionnelle
36%
85 Astronomie et astrophysique
36%
68 Informatique
36%
76 Mécanique des fluides
36%
83 Relativité et théorie de la gravitation
36%
37 Systèmes dynamiques et théorie ergodique
36%
12 Théorie des corps et polynômes
36%
20 Théorie des groupes et généralisation
36%
91 Théorie des jeux, économie, sciences sociales et comportementales
36%
11 Théorie des nombres
36%
81 Théorie quantique
36%
80 Thermodynamique classique, transfert de chaleur
36%
65 Analyse numérique
27%
41 Approximations et développements
27%
05 Combinatoire
27%
30 Fonctions de la variable complexe
27%
26 Fonctions réelles
27%
03 Logique mathématique et fondations
27%
74 Mécanique des solides déformables
27%
78 Optique, théorie de l'électromagnétisme
27%
00 Sujets généraux et transversaux
27%
18 Théorie des catégories ; algèbre homologique
27%
13 Algèbre commutative
18%
58 Analyse globale, analyse sur des variétés
18%
16 Anneaux et algèbres associatifs
18%
17 Anneaux et algèbres non associatifs
18%
92 Biologie et autres sciences naturelles
18%
49 Calcul des variations et contrôle optimal ; optimisation
18%
97 Education mathématique
18%
34 Équations différentielles ordinaires
18%
35 Équations différentielles partielles
18%
39 Équations fonctionnelles et équations aux différences
18%
45 Équations intégrales
18%
32 Espaces analytiques et fonctions à plusieurs variables complexes
18%
33 Fonctions spéciales
18%
14 Géométrie algébrique
18%
53 Géométrie différentielle
18%
52 Géométrie discrète et convexe
18%
86 Géophysique
18%
22 Groupes topologiques, groupes de Lie
18%
01 Histoire et biographies
18%
70 Mécanique des particules et des systèmes
18%
06 Ordres, treillis, structures algébriques ordonnées
18%
90 Recherche opérationnelle, programmation mathématique
18%
08 Systèmes algébriques généraux
18%
94 Théorie de l'information et de la communication, circuits
18%
93 Théorie des systèmes ; contrôles
18%
55 Topologie algébrique
18%
54 Topologie générale
18%
57 Variétés et CW-complexes
18%
43 Analyse harmonique abstraite
9%
42 Analyse harmonique sur des espaces euclidiens
9%
19 K-théorie
9%
82 Mécanique statistique, structure de la matière
9%
47 Théorie des opérateurs
9%
31 Théorie du potentiel
9%
44 Transformation intégrale, calcul opérationnel
9%
Aucun quiz correspondant
Distribution des résultats
% des personnes avec chaque résultat
Percentile par nombre de réponses
Votre historique - résultats
Vous n’avez pas pris ce quiz